[Event "FIDE Zone 3.4 Women-ch 2017"]
[Site "Tashkent"]
[Date "2017.06.16"]
[Round "1.1"]
[White "Nadirjanova, Nodira"]
[Black "Saduakassova, Dinara"]
[Result "0-1"]
[WhiteElo "2104"]
[BlackElo "2440"]
[Annotator "TA"]
[PlyCount "96"]
[EventDate "2017.??.??"]
[EventType "tourn"]
[EventCountry "UZB"]
[SourceTitle "playchess.com"]
[Source "ChessBase"]
[SourceQuality "1"]

{[%evp 12,95,5,0,14,11,14,13,16,18,31,31,99,104,114,113,106,125,252,242,245,248,303,305,298,184,407,385,404,216,216,226,225,224,209,125,208,97,87,77,135,122,120,70,70,71,85,70,66,49,50,0,1,0,85,7,75,78,68,0,0,0,0,0,0,0,0,0,0,0,0,-33,0,0,0,0,0,0,14,0,0,0,0,-29997,-29998,-29999]} 1. d4 Nf6 2. Nf3 e6 3. Bf4 b6 4. e3 Bb7 5. Nbd2 Be7 6. h3 c5 7. c3 d6 {A47: 1 d4 Nf6 2 Nf3 b6: Torre, London and Colle Systems} 8. Be2 O-O 9. O-O Nbd7 {The position is equal.} 10. a4 {[%cal Ba2a4,Ba4a5,Ba5a6][%mdl 32]} Re8 11. a5 Nf8 $146 (11... h6 $14) ({Predecessor:} 11... Bf8 12. Qa4 e5 13. Bh2 Rc8 14. Bb5 {1-0 (55) Berdichevski,I (2546)-Moiseenko,A (2618) bereg.ru Int 2003}) 12. Bb5 $36 {[%mdl 2048] Keeping Black busy.} N8d7 13. a6 Bxf3 14. Qxf3 Qc7 (14... Rf8 $16 {keeps fighting.} 15. Qb7 Rc8) 15. Qb7 $18 Rec8 16. Nc4 cxd4 17. cxd4 ({Much less strong is} 17. exd4 $6 Nf8 $16) 17... e5 18. Bh2 exd4 $2 (18... Rab8) 19. exd4 Nf8 20. Qxc7 (20. Rac1 $142) 20... Rxc7 21. Nxd6 Bxd6 22. Bxd6 Rc2 {[#]} 23. Rad1 (23. Rac1 $1 $18 {[%cal Rc1c2]} Rxb2 24. Bc6) 23... Nd5 {[#]} (23... Rd8 $16 {was worth a try.} 24. Be7 Rdc8) 24. Ba3 (24. Rfe1 $1 $18 {and White stays clearly on top.}) 24... Ne6 25. Ba4 Rcc8 (25... Re2 $142) 26. Rfe1 $16 Rd8 27. Bc6 {Re5 is the strong threat.} Rac8 28. Bb7 Rc4 29. Re5 Nec7 $1 30. Rde1 {aiming for Bxd5.} Rxd4 31. R5e4 (31. Be7 $5 Nxe7 32. Rxe7 $16) 31... Rxe4 32. Rxe4 f6 (32... Ne6 $11) 33. f3 (33. Rd4 $16) 33... Kf7 (33... Nb5 $11 {remains equal.}) 34. Rd4 Ke6 35. g4 (35. Rd1 $14) 35... Nb5 $11 36. Rd3 Nxa3 37. bxa3 {[%mdl 4096] Endgame KRB-KRN} Rd6 38. Rd4 Ne7 39. Re4+ Kd7 40. Kf2 g5 41. Re2 Nd5 42. Rc2 Nc7 43. a4 Rd4 44. Ke3 Rd1 45. Ke4 (45. h4 $5) 45... Re1+ 46. Kf5 Ne8 $1 {[%csl Gf6][%cal Re1e5]} 47. Bc6+ $2 {[%mdl 8192]} (47. f4 $11) 47... Ke7 {[%cal Re8g7]} 48. Bxe8 Re5# {Precision: White = 47%, Black = 42%.} 0-1

[Event "FIDE Zone 3.4 Women-ch 2017"]
[Site "Tashkent"]
[Date "2017.06.16"]
[Round "1.2"]
[White "Tokhirjonova, Gulrukhbegim"]
[Black "Hallaeva, Bahar"]
[Result "1-0"]
[WhiteElo "2293"]
[BlackElo "2072"]
[Annotator "TA"]
[PlyCount "109"]
[EventDate "2017.??.??"]
[EventType "tourn"]
[EventCountry "UZB"]
[SourceTitle "playchess.com"]
[Source "ChessBase"]
[SourceQuality "1"]

{[%evp 28,109,41,22,40,36,32,34,40,-22,-25,-16,-14,-20,-20,-34,0,0,4,0,9,10,25,-8,0,3,0,0,6,-18,-15,-85,-81,-79,-54,-56,-41,-56,-29,-45,-52,-68,-11,-43,0,0,0,0,0,0,20,0,159,165,708,684,672,188,184,179,196,193,212,207,204,177,235,215,212,212,212,217,226,226,294,295,295,280,521,521,521,511,701,681]} 1. e4 e5 2. Nf3 Nc6 3. Bb5 Nf6 4. d3 d6 5. c3 Be7 6. Nbd2 O-O 7. O-O Re8 8. Re1 a6 9. Ba4 Bf8 10. Nf1 h6 11. Ng3 b5 12. Bb3 Na5 13. Bc2 c5 14. h3 g6 15. Bd2 {LiveBook: 4 Games. C90: Closed Ruy Lopez with 7...d6: Early deviations} (15. d4 exd4 16. cxd4 Bg7 17. b3 Nc6 18. Be3 cxd4 19. Nxd4 Bb7 20. Qd2 Qa5 21. Nxc6 Qxd2 22. Bxd2 Bxc6 {½-½ (41) Predke,A (2579)-Jakovenko,D (2709) Novi Sad 2016}) 15... Bb7 16. a4 Bg7 17. Qc1 {Strongly threatening axb5.White is slightly better.} Kh7 {[#]} 18. Nh2 $146 (18. h4 $14) ({Predecessor:} 18. b4 cxb4 19. cxb4 Nc6 20. axb5 axb5 21. Rxa8 Bxa8 22. Bb3 Qd7 {½-½ (39) Kharlov,A (2510)-Kovalev,V (2328) St Petersburg 2010}) 18... d5 $11 19. Ng4 Nxg4 20. hxg4 c4 21. Qd1 dxe4 22. dxe4 Bc6 23. Be3 Qc7 24. Qf3 Kg8 25. Kh2 Nb3 26. Bxb3 $1 cxb3 27. a5 Bd7 28. Qd1 Qd8 29. g5 (29. Kg1 $11 {keeps the balance.}) 29... hxg5 $17 30. Qxb3 g4 31. Rh1 $1 Be6 32. Qc2 Rc8 33. Bb6 Qe7 34. Qd2 Bb3 (34... Rc6 $15) 35. Nf1 $11 Qf6 36. Kg1 Be6 37. Rd1 Bb3 38. Re1 Be6 39. Qd1 Re7 $2 {[#]} (39... Qf4 $11) 40. Bd8 $16 Rd7 $2 (40... Qg5 41. g3 (41. Bxe7 Qxe7 42. Ne3 Rd8 $16) 41... Bf6) 41. Bxf6 $18 Rxd1 42. Rxd1 $2 (42. Bxg7 {Intending Bf6 and mate.} Kxg7 43. Rxd1) 42... Bxf6 43. Ne3 Be7 44. Nd5 Bc5 45. Kf1 Kg7 46. Ke2 Rc6 (46... f5 $142 47. exf5 gxf5) 47. Rd2 Rc8 48. Kd1 Rc6 49. Kc2 Bf8 50. b3 Rc8 51. Kb2 Bc5 52. Nb4 Bxb4 $2 {[#]} (52... Ra8 53. Nc6 Kf6) 53. cxb4 {White is clearly winning.} Kf6 54. Rd6 Kg5 55. g3 {Precision: White = 65%, Black = 42%.} 1-0

[Event "FIDE Zone 3.4 Women-ch 2017"]
[Site "Tashkent"]
[Date "2017.06.16"]
[Round "1.3"]
[White "Atabayeva, Gozel"]
[Black "Kurbonboeva, Sarvinoz"]
[Result "1-0"]
[WhiteElo "2049"]
[BlackElo "2209"]
[Annotator "TA"]
[PlyCount "59"]
[EventDate "2017.??.??"]
[EventType "tourn"]
[EventCountry "UZB"]
[SourceTitle "playchess.com"]
[Source "ChessBase"]
[SourceQuality "1"]

{[%evp 22,59,11,11,21,21,13,14,26,27,72,83,103,90,95,97,90,72,120,124,132,121,133,127,139,133,153,131,138,122,146,112,120,118,146,100,113,92,131,90]} 1. e4 c5 2. Nf3 d6 3. Bb5+ Bd7 4. Bxd7+ Qxd7 5. c4 Nc6 6. O-O Nf6 7. Nc3 e6 8. d4 cxd4 9. Nxd4 Be7 10. b3 O-O 11. Bb2 Rfd8 12. Rc1 {LiveBook: 5 Games. B52: Sicilian: Moscow Variation with 3...Bd7} Rac8 13. Nxc6 $146 ({Predecessor:} 13. Re1 b6 14. Qd3 a6 15. Rcd1 Nxd4 16. Qxd4 Qb7 17. a4 Ne8 18. Re2 Bf6 19. Qe3 Rc6 {½-½ (42) Shabalov,A (2624)-Gurevich,D (2497) Las Vegas 2004}) 13... Qxc6 14. Qe2 {The position is equal.} Nd7 15. Nb5 Qa6 16. Bd4 Bf6 17. Be3 ({Of course not} 17. Bxa7 $6 b6 $11) 17... Nc5 18. f3 b6 19. Rfd1 Nb7 20. Bf4 Be7 21. Rc2 Rd7 22. Rcd2 Rcd8 23. Bg3 Qa5 24. Be1 Qa6 25. Kh1 h6 26. Bf2 Nc5 27. Bg3 {[%cal Bf2g3,Bg3e5,Be5c3][%mdl 32]} Nb7 28. Be5 Bf8 29. f4 f6 30. Bc3 {Precision: White = 72%, Black = 28%.} 1-0

[Event "FIDE Zone 3.4 Women-ch 2017"]
[Site "Tashkent"]
[Date "2017.06.16"]
[Round "1.4"]
[White "Abdusattorova, Bakhora"]
[Black "Overzdurdiyeva, Jemal"]
[Result "0-1"]
[WhiteElo "2204"]
[BlackElo "2022"]
[Annotator "TA"]
[PlyCount "128"]
[EventDate "2017.??.??"]
[EventType "tourn"]
[EventCountry "UZB"]
[SourceTitle "playchess.com"]
[Source "ChessBase"]
[SourceQuality "1"]

{[%evp 28,128,41,45,60,74,99,74,101,92,98,90,92,95,102,91,102,97,95,91,96,86,94,75,83,83,88,76,120,52,68,40,79,52,50,58,43,34,70,42,98,49,60,66,133,124,155,148,134,131,118,64,53,0,-5,-12,-19,-93,-89,-87,-82,-92,-86,-89,-89,-260,-222,-222,-222,-222,-222,-222,-219,-219,-220,-216,-213,-209,-211,-275,-272,-279,-279,-279,-287,-331,-324,-360,-357,-367,-345,-441,-434,-423,-417,-595,-595,-763,-487,-843,-842,-29997,-29998]} 1. e4 c5 2. Nf3 Nc6 3. d4 cxd4 4. Nxd4 g6 5. c4 Nf6 6. Nc3 d6 7. Be2 Nxd4 8. Qxd4 Bg7 9. Be3 O-O 10. Qd1 Nd7 11. Rc1 Nc5 12. f3 a5 13. b3 Bd7 14. O-O Bc6 15. Qd2 f5 {B38: Sicilian: Maroczy Bind with 5...Bg7 and 7...0-0} (15... Be5 16. Rfd1 e6 17. Rc2 Qe7 18. Nb5 Qh4 19. g3 Bxg3 20. hxg3 Qxg3+ 21. Kf1 Nxe4 22. Qd3 f5 23. Nd4 f4 24. Nxc6 fxe3 25. Qxe3 Rf4 26. Nd4 Rh4 27. Qg1 Rh1 {0-1 (27) Lupulescu,C (2618)-Iturrizaga Bonelli,E (2650) Baku 2016}) 16. exf5 gxf5 17. Rfd1 Qe8 {White is better.} 18. Nd5 Qf7 $146 ({Predecessor:} 18... Bxd5 19. Qxd5+ Qf7 20. Bxc5 Qxd5 21. cxd5 dxc5 22. Rxc5 {1-0 (33) Belica,M (2108)-Stalter,T (1873) Baden 2013}) 19. Bf1 Bxd5 20. cxd5 b6 21. Bf4 Kh8 22. Qe3 Rg8 23. Rc2 Bf6 24. a3 {[%cal Ba2a3,Ba3b4][%mdl 32]} Qg7 25. b4 axb4 26. axb4 Nd7 27. Kh1 Ne5 28. g3 (28. Qf2 $16) 28... Qg6 $14 29. Be2 (29. Bxe5 $5 dxe5 30. Qxb6 $14) 29... Rab8 30. b5 Nd7 31. Rc7 Nc5 32. Bd3 Rbc8 33. Rc6 Rb8 (33... Qh5 $14) 34. Bb1 Qh5 35. Kg2 Rge8 (35... Ra8 $14) 36. Qd2 Bg7 37. Qc2 Rf8 {[%cal Be8f8,Bf8f7,Bf7c7,Bc7c8,Bc8d8][%mdl 32]} 38. Rc7 Rf7 39. Re1 (39. Be3 $16) 39... e5 40. dxe6 ({Better is} 40. Rxf7 $14 Qxf7 41. Be3) 40... Rxc7 $11 41. Bxd6 Rcc8 {Strongly threatening ...Ne4.} 42. Qxf5 (42. Bxb8 $11 Rxb8 43. Qc4) 42... Qxf5 $17 43. Bxf5 {[#] aiming for e7.} Rb7 $1 44. Bg4 {e7 is the strong threat.} Bf6 {Threatens to win with ...Nd3.} 45. f4 Rd8 46. Rd1 $2 (46. e7 $17 Re8 47. Bf3) 46... Kg7 47. Bf3 Ra7 48. f5 Ra2+ 49. Kh3 Rf2 50. e7 {[#]} Re8 $1 51. Bc6 Rxe7 52. Bxe7 Bxe7 53. g4 Rb2 54. Kg3 Rb3+ 55. Kg2 Nd3 56. Ra1 Nf4+ 57. Kh1 Kf6 58. Re1 Bd6 59. Kg1 Bc5+ 60. Kh1 Kg5 61. Bd7 (61. f6 {was necessary.}) 61... Rb2 $19 62. Rf1 Bd6 63. Rd1 (63. f6 $142 Kxf6 64. g5+ Kxg5 65. Rd1) 63... Be5 {( -> ...Nh3)} 64. Rf1 Nh3 {Precision: White = 42%, Black = 74%.} 0-1

[Event "FIDE Zone 3.4 Women-ch 2017"]
[Site "Tashkent"]
[Date "2017.06.16"]
[Round "1.5"]
[White "Nurgali Nazerke"]
[Black "Serikbay Assel"]
[Result "1/2-1/2"]
[WhiteElo "2008"]
[BlackElo "2168"]
[Annotator "TA"]
[PlyCount "133"]
[EventDate "2017.??.??"]
[EventType "tourn"]
[EventCountry "UZB"]
[SourceTitle "playchess.com"]
[Source "ChessBase"]
[SourceQuality "1"]

{[%evp 11,133,27,19,0,15,-11,0,-29,2,2,7,-17,4,-68,-31,-49,-55,-54,-7,-16,-12,0,-2,-12,-13,-33,-26,-68,-19,-79,0,-10,0,-79,-75,-92,-24,-25,-34,-27,29,-150,-42,-50,-29,-43,0,0,15,8,35,-60,-43,-69,-66,-113,-116,-117,-113,-155,-116,-298,-256,-273,-172,-403,-98,-100,-102,-138,445,420,422,416,392,388,409,396,385,336,364,334,312,333,375,376,371,319,295,300,287,127,125,116,114,98,116,116,112,63,65,65,51,18,54,11,21,8,8,0,0,0,0,0,8,0,0,0,8,8,8,8,8,8]} 1. d4 d5 2. Nf3 Nf6 3. c4 c6 4. g3 dxc4 5. Bg2 Nbd7 6. O-O {D11: Slav Defence: 3 Nf3 sidelines and 3...Nf6 4 e3 Bg4} g6 {LiveBook: 13 Games} 7. Bf4 $146 ({Predecessor:} 7. Qc2 Nb6 8. Nbd2 Bg7 9. Rd1 O-O 10. a4 a5 11. e4 Bg4 12. h3 Bxf3 13. Nxf3 {1-0 (24) Grischuk,A (2752)-Aronian,L (2784) chess.com INT 2016}) 7... Bg7 8. Na3 Nd5 {[%cal Bf6d5,Bd5b4,Bb4d3][%mdl 32]} 9. Qc1 b5 10. Bh6 O-O 11. Bxg7 Kxg7 12. Nh4 (12. b3 $11) 12... N7f6 13. e4 Nb4 $36 {[%mdl 2048] Black is more active.} 14. Qc3 Nd3 {aiming for ...b4.} 15. b3 b4 16. Qxc4 {Hoping for Nc2.} Nxf2 $1 17. Rxf2 bxa3 18. Raf1 (18. e5 $5 {[%cal Re5f6]} Ng4 19. Rf4 $11) 18... Be6 19. Qc3 Rc8 20. Kh1 (20. h3 $11) 20... Qd7 (20... Qb6 $17) 21. Rd2 Bh3 {...Nxe4! is the strong threat.} 22. Qe3 (22. Re1 $11) 22... Bxg2+ $17 23. Kxg2 {[#]} Qe6 ({Black should play} 23... c5 $1 $17 {[%mdl 512] Threatening ...cxd4.} 24. dxc5 Qc6) 24. Re1 a5 25. Rde2 Rfd8 (25... a4 $142 26. bxa4 Ra8) 26. Qg5 $2 {[#]} ({Better is} 26. Nf3 $11) 26... h6 (26... a4 $1 $17 {[%cal Ra4b3]} 27. b4 Rb8) 27. Qc5 Qd6 28. e5 Qd5+ 29. Nf3 Ng8 {[%cal Bf6g8,Bg8e7,Be7f5][%mdl 32]} 30. Qxa3 c5 31. dxc5 (31. Qxa5 $14 g5 32. Re4) 31... Qxc5 32. Qb2 e6 33. Qb1 Ne7 34. Qe4 Nf5 35. Qf4 Qc6 36. Re4 $2 (36. g4 $17 {is a better defense.} g5 37. Qe4) 36... g5 $19 37. Qg4 Rd3 38. h4 $2 (38. Rc4 {was worth a try.} Qd7 39. Rxc8 Qxc8 40. Qe4 Qc2+ 41. Re2) 38... Rg8 $2 (38... Qd5 $19 39. hxg5 {[#]} h5 $1 {[%mdl 512]}) 39. hxg5 $17 hxg5 40. Rc4 Rd2+ $2 {[%mdl 8192]} (40... Qd7 $17 {And now ...Qd8 would win.} 41. Qh5 Kf8) 41. Kf1 $18 Qd5 42. Qxg5+ ({Worse is} 42. Nxd2 Qxd2 43. Re2 Ne3+ 44. Rxe3 Qxe3 $11) 42... Kh7 43. Qh5+ Nh6 44. Nxd2 Qxd2 45. Qe2 Qg5 46. Qe4+ Rg6 47. Qf4 Qh5 48. Kg2 Kg7 49. Qf3 Ng4 50. Rh1 Qg5 51. Rxg4 (51. Re4 $18 {is more deadly.}) 51... Qxg4 $16 52. Rf1 Qxf3+ 53. Kxf3 {[%mdl 4096] Endgame KR-KR} Rg5 54. Re1 Rf5+ 55. Ke4 Rg5 56. Re3 Rg4+ 57. Kd3 (57. Kf3 $5 {[%cal Rf3g4]} Rb4 58. Re4 $16) 57... f6 58. exf6+ Kxf6 {The position is equal.} 59. Kc3 e5 60. a3 Ke6 61. b4 axb4+ 62. axb4 Kd5 63. Rd3+ Kc6 64. Kb3 Kb5 65. Rd5+ Kb6 66. Rxe5 Rxg3+ 67. Ka4 {Precision: White = 28%, Black = 46%.} 1/2-1/2

[Event "FIDE Zone 3.4 Women-ch 2017"]
[Site "Tashkent"]
[Date "2017.06.17"]
[Round "2.1"]
[White "Saduakassova, Dinara"]
[Black "Abdusattorova, Bakhora"]
[Result "1/2-1/2"]
[WhiteElo "2440"]
[BlackElo "2204"]
[Annotator "TA"]
[PlyCount "143"]
[EventDate "2017.??.??"]
[EventType "tourn"]
[EventCountry "UZB"]
[SourceTitle "playchess.com"]
[Source "ChessBase"]
[SourceQuality "1"]

{[%evp 19,143,15,20,10,27,16,30,25,36,22,30,-15,-3,-37,0,0,28,4,35,25,33,31,34,34,38,31,54,29,80,14,12,0,0,0,30,0,10,4,10,0,0,0,0,0,0,0,6,3,20,-89,41,-19,-19,-14,42,43,78,19,26,37,29,33,105,30,60,16,16,18,23,0,20,0,86,40,56,56,64,0,0,0,0,0,0,0,8,0,0,0,0,0,0,0,8,8,12,12,132,133,136,54,47,49,49,17,31,8,8,8,8,8,27,26,46,8,8,0,0,0,8,8,8,8,8,8,8,8]} 1. e4 e5 2. Nf3 Nc6 3. Bc4 Bc5 4. O-O Nf6 5. d3 a6 (5... O-O 6. a4 a5 7. Bg5 h6 8. Bh4 Be7 9. Bg3 d6 10. h3 Nd7 11. Re1 Kh8 12. c3 Nb6 13. Bb3 f5 14. exf5 Bxf5 {½-½ (25) Caruana,F (2808)-Aronian,L (2793) Stavanger 2017}) 6. a4 {C50: Hungarian Defence and Giuoco Pianissimo} Ba7 7. h3 O-O 8. Re1 h6 9. Nbd2 {[%cal Bb1d2,Bd2f1,Bf1h2,Bh2f3][%mdl 32]} Re8 10. c3 d6 {LiveBook: 20 Games} 11. b4 Be6 12. Qc2 $146 ({Predecessor:} 12. Bxe6 Rxe6 13. Qc2 d5 14. Nb3 Ne7 15. exd5 Qxd5 {½-½ (45) Fressinet,L (2662)-Amin,B (2660) Sharjah 2017}) 12... Nh5 13. Bxe6 fxe6 14. Nf1 Rf8 15. b5 Ne7 (15... Rxf3 $5 16. gxf3 axb5 $11) 16. bxa6 bxa6 {White must now prevent ...Rxf3!} (16... Rxf3 $5 17. gxf3 bxa6 $14) 17. N1h2 Ng6 18. Be3 Nh4 19. Qa2 Nxf3+ 20. Nxf3 Qd7 21. d4 exd4 22. cxd4 Nf4 23. Nh4 (23. Bxf4 $5 Rxf4 24. Qc4 $11) 23... d5 (23... c5 $11) 24. Qc2 (24. Qd2 $16 dxe4 25. Bxf4 Qxd4 26. Kh1 (26. Rf1 g5 $11)) 24... Qd8 $11 25. Bxf4 (25. Nf3 {looks sharper.} Nxh3+ 26. Kf1 Nf4 27. Rad1 Qd6 28. a5) 25... Rxf4 26. Nf3 Qd6 (26... Rxf3 $5 27. gxf3 Bxd4 $15) 27. Rac1 {Threatens to win with exd5.} Bb6 28. exd5 exd5 29. Qc6 Qxc6 30. Rxc6 Re4 31. Rxe4 dxe4 {[%mdl 4096] Endgame KRB-KRN} 32. Nd2 Rd8 33. Nb3 Bxd4 34. Rxa6 (34. Nxd4 $11 {keeps the balance.} Rxd4 35. Rxa6) 34... e3 ({Black should try} 34... Bb6 $17 {And now ...Rd3 would win.} 35. Kf1 Rf8) 35. fxe3 (35. Nxd4 $14 exf2+ 36. Kxf2 Rxd4 37. Ke3) 35... Bxe3+ 36. Kf1 c5 (36... Rd3 $11 37. Na5 Rd2) 37. Ke2 $14 Bg1 {[#]} 38. Rc6 (38. Nd2 $1 $16) 38... Rb8 39. Nd2 Re8+ 40. Kf1 Bd4 ({Black should play} 40... Bh2 $1 $14) 41. Nf3 (41. a5 $16) 41... Re3 42. a5 Ra3 43. a6 Ra2 44. Ke1 Kh7 45. g4 Ra3 (45... Bf6 $11) 46. Ke2 Re3+ 47. Kf2 Ra3+ 48. Kg2 (48. Nxd4 $14 cxd4 49. h4) 48... Bf6 $11 49. h4 c4 50. g5 hxg5 51. hxg5 Ba1 52. Nh4 {[#] Strongly threatening Nf5.} Ra5 53. Kf3 Rxg5 54. Rxc4 {Hoping for Ra4.} Ra5 55. Rc6 Bf6 56. Ng2 Kg6 57. Ne3 Kg5 (57... Kh5 $11) 58. Nc4 $16 Rf5+ 59. Ke4 ({Better is} 59. Ke3 $16 Rd5 60. Nd6) 59... Rf4+ $14 60. Kd3 {aiming for a7.} Bd4 61. Nd6 Bg1 62. Ne4+ Kf5 63. Ng3+ Ke5 {...Rf3+ is the strong threat.} 64. Ne2 Rf3+ 65. Kc4 Bf2 66. Rg6 Ra3 {The position is equal.} 67. Nc3 Kf5 68. Rxg7 {next Kb5 is good for White.} Rxa6 69. Rf7+ Rf6 70. Rxf6+ Kxf6 71. Ne4+ Ke5 72. Nxf2 {Precision: White = 33%, Black = 43%.} 1/2-1/2

[Event "FIDE Zone 3.4 Women-ch 2017"]
[Site "Tashkent"]
[Date "2017.06.17"]
[Round "2.2"]
[White "Baymuratova, Sevara"]
[Black "Tokhirjonova, Gulrukhbegim"]
[Result "0-1"]
[WhiteElo "2118"]
[BlackElo "2293"]
[Annotator "TA"]
[PlyCount "101"]
[EventDate "2017.??.??"]
[EventType "tourn"]
[EventCountry "UZB"]
[SourceTitle "playchess.com"]
[Source "ChessBase"]
[SourceQuality "1"]

{[%evp 23,101,0,8,8,8,10,0,0,-3,0,-6,-47,-54,-87,77,77,66,52,83,37,25,0,0,-241,-237,-238,-219,-181,-14,-15,-15,-20,-14,-7,-3,-64,-28,-17,-18,-69,0,0,0,-10,84,-24,0,0,0,0,0,0,0,0,0,0,0,0,0,-185,-27,-276,-262,-362,-361,-370,-369,-357,-361,-348,-344,-649,-603,-1032,-1028,-29967,-29968,-6283,-6283,-1899]} 1. d4 d5 2. Nf3 Nf6 3. c4 c6 4. Nc3 dxc4 5. a4 Bf5 6. e3 e6 7. Bxc4 Bb4 8. O-O Nbd7 9. Qe2 Bg6 10. Rd1 O-O 11. Bd3 Bxd3 {D19: Slav Defence: 5 a4 Bf5 6 e3: Main line with 9 Qe2} 12. Rxd3 Qa5 {LiveBook: 4 Games} (12... Qe7 13. e4 e5 14. Bg5 exd4 15. Rxd4 Bc5 16. Rd2 Ne5 17. Rad1 Rae8 18. Nd4 h6 19. Nf5 Qe6 20. Be3 Bxe3 21. Nxe3 {½-½ (45) Melkumyan,H (2678)-Bluebaum,M (2530) Bad Wiessee 2014}) 13. e4 e5 {The position is equal.} 14. Na2 Bd6 15. Bg5 $146 ({Predecessor:} 15. dxe5 Bxe5 16. Nxe5 Nxe5 17. Ra3 Rad8 18. b4 Qc7 19. Bg5 {½-½ (36) Spassov,L (2440)-Marovic,D (2465) Cienfuegos 1973}) 15... Rfe8 16. dxe5 Bxe5 17. Rad1 (17. Bxf6 $5 Nxf6 18. Nxe5 Rxe5 19. Nc3 $15) 17... Qxa4 18. Nxe5 Rxe5 $2 (18... Nxe5 $17 {stays on course.} 19. Nc3 Qa6) 19. Nc3 $1 $16 {[%cal Rc3a4]} Qa6 20. Qd2 Qa5 21. f4 Ree8 {Strongly threatening ...Nc5.} 22. e5 (22. Bxf6 $5 Nxf6 23. e5 Qb6+ 24. Qf2 $14) 22... Nc5 $1 {[%cal Rc5d3]} 23. exf6 $2 (23. Bxf6 $11 Nxd3 24. Qxd3 gxf6 25. Ne4) 23... Nxd3 $19 24. Qxd3 {fxg7 is the strong threat.} Rad8 25. Qf3 Qc5+ $2 (25... Rxd1+ $1 $19 26. Qxd1 Qb6+ 27. Kf1 Qxb2) 26. Kf1 $1 $11 ({Don't go for} 26. Kh1 $2 Rxd1+ 27. Qxd1 Qf2 $19) 26... Qc4+ 27. Kf2 Rxd1 28. Qxd1 gxf6 29. Bh6 (29. Bxf6 $11 Qxf4+ 30. Qf3 Qxf3+ 31. Kxf3) 29... Qc5+ 30. Kf1 $1 Qf5 31. h4 (31. g4 $11 Qg6 32. Qd7) 31... Kh8 (31... Qe6 $15) 32. g4 Qc5 33. f5 b5 {[#]} (33... Qe7 $11) 34. Kg2 ({White should try} 34. Qd7 $1 $16 {[%cal Rd7e8]} Rg8 35. Qxf7 Qc4+ 36. Qxc4 bxc4 37. g5) 34... Qc4 35. Kf3 b4 36. Qd6 Qf1+ 37. Kg3 Qe1+ 38. Kh3 Qe5 39. Qxb4 Rb8 $1 $36 {[%cal Rb8b4][%mdl 2048] Black fights for an advantage.} 40. Qa3 a5 41. Kg2 $2 {[#]} (41. Qa1 $11 {and White is okay.}) 41... Rb4 $2 (41... Qe1 $1 $19 {White must now prevent ...Rb4.} 42. Bf4 Rb4) 42. Kf3 $2 (42. Kf1 $11) 42... Qd4 43. Qxa5 {White wants to mate with Qa8+.} Qxg4+ 44. Ke3 {Intending Qd8+ and mate.} Qd4+ 45. Kf3 {Qa8+ would kill now.} Qd3+ ({Don't do} 45... Qg4+ 46. Ke3 $19) 46. Be3 Rxh4 47. Qc5 $2 (47. Kg3 Re4 48. Nxe4 Qxe3+ 49. Kh2 Qxe4 50. b4) 47... Kg7 $19 48. Kg3 Rc4 49. Qe7 Qxf5 50. Bh6+ Kxh6 51. Qf8+ {Precision: White = 37%, Black = 50%.} 0-1

[Event "FIDE Zone 3.4 Women-ch 2017"]
[Site "Tashkent"]
[Date "2017.06.17"]
[Round "2.3"]
[White "Kurbonboeva, Sarvinoz"]
[Black "Hotami, Mutriba"]
[Result "1-0"]
[WhiteElo "2209"]
[BlackElo "1794"]
[Annotator "TA"]
[PlyCount "69"]
[EventDate "2017.??.??"]
[EventType "tourn"]
[EventCountry "UZB"]
[SourceTitle "playchess.com"]
[Source "ChessBase"]
[SourceQuality "1"]

{[%evp 18,69,39,43,46,15,17,-14,4,-2,54,43,77,55,100,85,93,78,89,94,89,79,179,157,158,129,149,162,153,136,133,114,105,94,85,59,69,70,60,51,91,107,134,140,169,184,289,291,307,306,317,326,720,787]} 1. d4 Nf6 2. c4 g6 3. Nc3 Bg7 4. e4 d6 5. h3 O-O 6. Bg5 c5 7. d5 a6 8. a4 Qa5 {E71: King's Indian: 4 e4 d6 5 h3} (8... e6 9. Bd3 exd5 10. exd5 Re8+ 11. Kf1 h6 12. Bd2 Nbd7 13. Nf3 Ne5 14. Nxe5 dxe5 15. g4 Bd7 16. a5 Rb8 {1-0 (59) Kozul,Z (2625)-Benidze,D (2478) Izmir 2015}) 9. Bd2 e6 10. Nf3 {LiveBook: 3 Games} exd5 {White is slightly better.} 11. cxd5 Re8 12. Be2 Qd8 $146 ({Predecessor:} 12... Qc7 13. Qc2 Nxe4 14. Nxe4 Bf5 15. Nfg5 Qe7 16. f3 h6 17. g4 Bc8 18. h4 hxg5 19. hxg5 Bxg4 {1-0 (28) Porzig,H-Herzig,W DDR 1982}) 13. Qc2 Nbd7 (13... Qe7 $1 $11) 14. O-O Nh5 15. Rfe1 h6 16. Be3 Nhf6 17. Bf4 $36 {[%mdl 2048] White is really pushing.} Qe7 18. Bh2 Nh7 19. Nd2 Be5 (19... Bd4 $16) 20. f4 $18 Bd4+ 21. Kh1 Nhf6 22. Bf3 g5 23. Nc4 {[#] fxg5 is the strong threat.} gxf4 24. Bxf4 Ne5 25. Nxe5 Bxe5 26. Bxh6 Nh7 27. Qf2 $1 Qf6 28. Bd2 {[%cal Bh6d2,Bd2f4,Bf4e5][%mdl 32]} Kh8 29. Rf1 Qg6 30. Qh4 {Hoping for Bh5.} Rg8 31. Bf4 Bd4 (31... f6 $142 32. Rf2 Bd7) 32. Rae1 Bd7 33. e5 dxe5 34. Bxe5+ f6 $2 {[#]} (34... Bxe5 35. Rxe5 Qf6 36. Qxf6+ Nxf6) 35. Be4 {Precision: White = 65%, Black = 47%.} 1-0